00403nam a2200157Ia 45000010006000000050017000060080041000230410008000640820015000721000035000872450070001222600009001923000028002016500008002296540008002371693420260306170347.0260306t2021||||xx |||||||||||||| ||und|| aESP a657.3bO73 aOrtega Salavarría, RosaeAUT 0aEl Covid-19 y sus principales impactos en los estados financieros c2021 a526 páginas :c25 cm. aGEN aCCO